000 00336nam a2200133 i 4500
001 bg
100 1 _aHejmej, Stanisław Wojciech.
245 0 _aMaszyny do obróbki plastycznej na zimno /
_cS.W. Hejmej.
260 _aZielona Góra,
_c1983.
040 _cBPK
041 _apol
942 _cKS
008 s pl f |000 0 pol
999 _c2573
_d2573
856 _uhttp://koha.tu.koszalin.pl/cgi-bin/koha/opac-detail.pl?biblionumber=2573
_yKatalog online BPK